The ends of the earth : (Record no. 140966)
[ view plain ]
| 000 -LEADER | |
|---|---|
| fixed length control field | 00629nam a22001937a 4500 |
| 005 - DATE AND TIME OF LATEST TRANSACTION | |
| control field | 20170703140306.0 |
| 010 ## - LCCN (DPL NO) | |
| LC control number | ENG-118610 |
| 020 ## - INTERNATIONAL STANDARD BOOK NUMBER | |
| International Standard Book Number | 9789385288500 |
| Terms of availability | 450.00 |
| 035 ## - SYSTEM CONTROL NUMBER | |
| System control number | EN-102142 |
| 037 ## - SOURCE OF ACQUISITION | |
| Source of stock number/acquisition | DBAD/PUB |
| 082 ## - DEWEY DECIMAL CLASSIFICATION NUMBER | |
| Classification number | 910.4 |
| 100 ## - MAIN ENTRY--PERSONAL NAME | |
| Personal name | Willemsen, Roger |
| 245 ## - TITLE STATEMENT | |
| Title | The ends of the earth : |
| Statement of responsibility, etc | by Roger Willemsen ; transleted by Peter Lewis |
| Remainder of title | the non-fiction writing of Naguib Mahfouz/ |
| 260 ## - PUBLICATION, DISTRIBUTION, ETC. (IMPRINT) | |
| Place of publication, distribution, etc | New Delhi |
| Name of publisher, distributor, etc | Speaking Tiger |
| Date of publication, distribution, etc | 2015 |
| 270 ## - ADDRESS | |
| Address | 4381/4,Ansari Road, Daryaganj, |
| City | New Delhi |
| Postal code | 110002 |
| 300 ## - PHYSICAL DESCRIPTION | |
| Extent | vii,490p. |
| Dimensions | 23cm(Hb) |
| 700 ## - ADDED ENTRY--PERSONAL NAME | |
| Personal name | Lewis, Peter |
| 942 ## - ADDED ENTRY ELEMENTS (KOHA) | |
| Source of classification or shelving scheme | Dewey Decimal Classification |
| Item type | English Books |
| Call number suffix | WIL |
| Classification part | 910.4 |
| Withdrawn status | Lost status | Not for loan | Collection code | Home library | Current library | Date acquired | Source of acquisition | Cost, normal purchase price | Full call number | Barcode | Copy number | Cost, replacement price | Koha item type |
|---|---|---|---|---|---|---|---|---|---|---|---|---|---|
| Non-fiction | Shahdara Branch | Shahdara Branch | 03/07/2017 | DBAD/PUB | 450.00 | 910.4 WIL | EN-102142 | 1 | 450.00 | English Books |
